| 000 | 00679nam a2200181 i 4500 | ||
|---|---|---|---|
| 001 | 87035 | ||
| 003 | ES-MaACL | ||
| 005 | 20230906175557.0 | ||
| 007 | t| | ||
| 008 | 041217s19331940sp a |||| | spa d | ||
| 100 | 1 |
_aKlemperer, Georg. _968245 |
|
| 245 | 1 | 0 |
_aTratado completo de clínica moderna, medicina, cirugía y especialidades / _cpublicado bajo la dirección de Georg Klemperer y Félix Klemperer ; traducido del alemán por J. González-Campo de Cos. |
| 260 |
_aBarcelona : _bManuel Marín, _c1933-1940. |
||
| 300 |
_a9 t. : _bil. ; _c24 cm. |
||
| 700 | 1 |
_aGonzález-Campo de Cos, José. _958488 |
|
| 700 | 1 |
_aKlemperer, Félix. _968244 |
|
| 852 |
_aES-MaACL _jC-22142-50 |
||
| 999 |
_c87035 _d87035 |
||